Central Library OPAC University of Rajshahi

The Towneley plays / (Record no. 21065)

MARC details
000 -LEADER
fixed length control field 00807nam a2200241 a 4500
001 - CONTROL NUMBER
control field 21065
003 - CONTROL NUMBER IDENTIFIER
rucl marc code BD-RjUL
005 - DATE AND TIME OF LATEST TRANSACTION
control field 20211209000638.0
008 - FIXED-LENGTH DATA ELEMENTS--GENERAL INFORMATION
fixed length control field 140303r19661897enk 001 0 eng
035 ## - SYSTEM CONTROL NUMBER
System control number (BD-RjUL)21129
040 ## - CATALOGING SOURCE
Original cataloging agency DLC
Transcribing agency DLC
Modifying agency BD-RjUL
Language of cataloging eng
041 ## - LANGUAGE CODE
Language code of text/sound track or separate title eng
082 00 - DEWEY DECIMAL CLASSIFICATION NUMBER
Classification number 822.3
Author mark and year TOW 1966
Edition number 23
245 14 - TITLE STATEMENT
Title The Towneley plays /
Statement of responsibility, etc. Re-edited from the unique ms. by George England, with side-notes and introduction by Alfred W. Pollard
260 ## - PUBLICATION, DISTRIBUTION, ETC. (IMPRINT)
Place of publication, distribution, etc. London :
Name of publisher, distributor, etc. Oxford university press,
Date of publication, distribution, etc. 1897 [Reprinted 1966].
300 ## - PHYSICAL DESCRIPTION
Pagination xxxiv, 418 p. ;
Size 22 cm.
490 0# - SERIES STATEMENT
Series statement Early English text society. Extra series, no. LXXI
504 ## - BIBLIOGRAPHY, ETC. NOTE
Bibliography, etc Includes index.
650 #0 - SUBJECT ADDED ENTRY--TOPICAL TERM
Topical term or geographic name as entry element English drama
General subdivision Medieval.
9 (RLIN) 65097
700 1# - ADDED ENTRY--PERSONAL NAME
Personal name England, George
Personal name Pollard, Alfred W.
942 ## - ADDED ENTRY ELEMENTS (KOHA)
Source of classification or shelving scheme Dewey Decimal Classification
Koha item type Books
Holdings
Lost status Source of classification or shelving scheme Damaged status Not for loan Collection code Permanent Location Current Location Shelving location Date acquired Source of acquisition Cost, normal purchase price Total Checkouts Full call number Date last seen Copy number Koha item type
  Dewey Decimal Classification   Added to bundle Fiction Central Library, University of Rajshahi Central Library, University of Rajshahi Reading Room 29/06/1968 Swets and Zeitlinger 45.00   822.3 TOW 1966 03/03/2014 C-1 Books
  Dewey Decimal Classification     Non-fiction Central Library, University of Rajshahi Central Library, University of Rajshahi   13/11/1956 Blackwell 1.40   822.3 TOW 1952 06/03/2017 C-2 Books